Everything Jesus taught / (Record no. 4894)
[ view plain ]
| 000 -LEADER | |
|---|---|
| fixed length control field | 01247pam a2200277 i 4500 |
| 001 - CONTROL NUMBER | |
| control field | 328631 |
| 003 - CONTROL NUMBER IDENTIFIER | |
| control field | GBCCL |
| 005 - DATE AND TIME OF LATEST TRANSACTION | |
| control field | 20241126110529.0 |
| 008 - FIXED-LENGTH DATA ELEMENTS--GENERAL INFORMATION | |
| fixed length control field | 760128s1976 nyu b 000 0 eng |
| 010 ## - | |
| -- | 75036738 |
| 020 ## - INTERNATIONAL STANDARD BOOK NUMBER | |
| International Standard Book Number | 0060652608 (v. 1) : |
| Terms of availability | $1.95 per vol. |
| 040 ## - CATALOGING SOURCE | |
| Original cataloging agency | DLC |
| Transcribing agency | DLC |
| Modifying agency | DLC |
| 050 00 - | |
| -- | BS2415 |
| -- | .L6 |
| 082 00 - DEWEY DECIMAL CLASSIFICATION NUMBER | |
| Classification number | 232.954 |
| Item number | LOC |
| 100 1# - MAIN ENTRY--PERSONAL NAME | |
| Personal name | Lockyer, Herbert. |
| 9 (RLIN) | 1921 |
| 245 10 - TITLE STATEMENT | |
| Title | Everything Jesus taught / |
| Statement of responsibility, etc. | Herbert Lockyer. |
| 250 ## - EDITION STATEMENT | |
| Edition statement | 1st ed. |
| 260 ## - PUBLICATION, DISTRIBUTION, ETC. | |
| Place of publication, distribution, etc. | New York : |
| Name of publisher, distributor, etc. | Harper & Row, |
| Date of publication, distribution, etc. | c1976. |
| 300 ## - PHYSICAL DESCRIPTION | |
| Extent | 5 v. ; |
| Dimensions | 18 cm. |
| 490 0# - SERIES STATEMENT | |
| Series statement | Harper jubilee books ; HJ 19-23 |
| 504 ## - BIBLIOGRAPHY, ETC. NOTE | |
| Bibliography, etc. note | Includes bibliographies. |
| 505 0# - FORMATTED CONTENTS NOTE | |
| Formatted contents note | v. 1. Everything Jesus taught about Himself, God, the Holy Spirit, the Scriptures.--v. 2. Everything Jesus taught about man, sin, repentance, forgiveness, salvation, righteousness.--v. 3. Everything Jesus taught about faith, humility, money, prayer, the Sabbath, sickness, and death.--v. 4. Everything Jesus taught about love, marriage and divorce, women and children.--v. 5. Everything Jesus taught about angels, Heaven, Satan, Hell, the Kingdom, the Second Coming. |
| 600 00 - SUBJECT ADDED ENTRY--PERSONAL NAME | |
| Personal name | Jesus Christ |
| General subdivision | Teachings. |
| 9 (RLIN) | 527 |
| 906 ## - LOCAL DATA ELEMENT F, LDF (RLIN) | |
| a | 7 |
| b | cbc |
| c | orignew |
| d | 1 |
| e | ocip |
| f | 19 |
| g | y-gencatlg |
| 942 ## - ADDED ENTRY ELEMENTS (KOHA) | |
| Source of classification or shelving scheme | Dewey Decimal Classification |
| Koha item type | Books |
| Koha issues (borrowed), all copies | 1 |
| Withdrawn status | Lost status | Source of classification or shelving scheme | Damaged status | Not for loan | Home library | Current Library | Shelving location | Date acquired | Total checkouts | Full call number | Barcode | Date last seen | Date last checked out | Copy number | Price effective from | Koha item type |
|---|---|---|---|---|---|---|---|---|---|---|---|---|---|---|---|---|
| Dewey Decimal Classification | GRACE BIBLE COLLEGE | GRACE BIBLE COLLEGE | Theology | 2018-02-13 | 2 | 232.954 LOC | 008576 | 2025-05-01 | 2025-02-17 | v.1 | 2018-02-13 | Books |